000 00519nam a22001457a 4500
005 20131210172217.0
008 131210b xxu||||| |||| 00| 0 eng d
050 _aSPC DT1.T45
_bV217
100 _aWyk, Van Barry
_95481
245 _aThe balance of power and the transition to democracy in South Africa
_cWyk, Van Barry
260 _aPretoria
_bUniversity of Pretoria
_c2005
300 _a199p.;
_c30cm.
440 _aThe balance of power and the transition to democracy in South Africa
_95482
942 _2lcc
_cMONOGRAPH
999 _c119192
_d119192